| 000 | 01395nam0a2200325 4500 | ||
|---|---|---|---|
| 001 | RU\NLR\bibl\10960 | ||
| 005 | 20260409070019.0 | ||
| 010 |
_a5-7749-0043-6 _96000 |
||
| 021 |
_aRU _b98-14656 _9692 |
||
| 035 | _a(NLR Aleph) 000010694 | ||
| 090 |
_a36436 _c36436 |
||
| 100 | _a19981224d1998 |||y0rusy50 ca | ||
| 101 | 1 |
_arus _ceng |
|
| 102 | _aRU | ||
| 105 | _aa ||||||||| | ||
| 200 | 1 |
_aЕсли бы деньги заговорили... _fМилтон Фридмен _g[Общ. ред. и вступ. ст.: проф. М.К. Бункина _gПер. с англ.: проф. Л.С. Микша, к. физ.-мат. н. А.М. Семенов] |
|
| 210 |
_aМ. _cАкад. нар. хоз-ва при Правительстве Рос. Федерации _cДело _d1998 |
||
| 215 |
_a157 с. _cил. _d20 |
||
| 225 | 1 |
_aЭкономика _eИдеи и портреты |
|
| 320 | _aБиблиогр.: с. 145 и в подстроч. примеч. | ||
| 606 | 0 |
_a"Монетаризм", теория _91472035 _3RU\NLR\auth\66316378 |
|
| 606 |
_aДеньги _91112435 _3RU\NLR\auth\66119889 |
||
| 686 | _aУ010.102 | ||
| 700 | 1 |
_4070 _7ca _8rus _aФридмен _bМ. _f1912-2006 _gМилтон _9104968 _3RU\NLR\auth\77122043 |
|
| 801 | 0 |
_aRU _bNLR _c19981224 _gPSBO |
|
| 801 | 1 |
_aRU _bNLR _c19981224 |
|
| 852 |
_aNLR _j98-3/4142 |
||
| 942 | _cBOOK | ||
| 980 | _aNB | ||